000 00440nam a2200181Ia 4500
001 13113
005 20260306163030.0
008 260306t1999||||xx |||||||||||||| ||spa||
041 _aESP
082 _aRE 657.45
_bO28
100 _aOcéano Grupo Editorial
_eAUT
245 0 _aEnciclopedia de la auditoría
260 _c1999
300 _axii, 1315 páginas :
_c26 cm.
650 _aGEN
654 _aCCO
942 _cLIB
_dJUS
_fJUS
_2ddc
_n
999 _c13113
_d13113